• 首页
  • 本馆介绍
  • 公告通知
  • 最新文献
  • 馆藏检索
  • 电子资源
  • 读者导购
  • 参考咨询
  • 我的图书馆
  • 登录
  • 详细信息显示
  • 放入我的书架
  • 预约/预借图书
  • 作者相关作品
  • 分类相关作品
  • 丛书相关作品
  • 出版社相关作品

书目信息

  • 表格格式
  • 工作单格式
  • 卡片格式
题名:
钜宋广韵
    
 
作者: 陈彭年 撰
分册: 一  
出版信息: 上海   上海古籍出版社  1981.02
页数:
开本: 28.9*18.5m
丛书名:
单 册:
中图分类: H113.3
科图分类:
主题词: 汉语--语音 , 汉语--音韵学
电子资源:
ISBN:
000 00658nam0 2200229 450
001 0634829281
005 20061020094701.07
010    @b夹板线装@dCNY16.00(函)
100    @a20061020d1981 km y0chiy0120 ea
101 0  @achi
102    @aCN@b310000
200 1  @a钜宋广韵@Aju song guang yun@h一@f(宋)陈彭年撰@F(song)chen peng nian zhuan
210    @a上海@c上海古籍出版社@d1981.02
215    @d28.9*18.5m
300    @a2册一函
305    @a据上海图书馆藏宋刻本影印,版框尺寸悉准原书
606 0  @a汉语@x语音
606 0  @a汉语@x音韵学
690    @aH113.3@v3
701  0 @a陈彭年@Achen peng nian@4撰
801  0 @aCN@bPFT@c20061020
905    @a10447@dH113.3@e22:1
    
    钜宋广韵.一/(宋)陈彭年撰.-上海:上海古籍出版社,1981.02
    28.9*18.5m
    2册一函
    
    ISBN (夹板线装):CNY16.00(函)
    
●
相关链接 在E读中查询图书 在五车中查询图书 在当当中查询图书 在豆瓣中查询图书


正题名:钜宋广韵     索取号:H113.3/22:1         预约/预借

序号 登录号 条形码 馆藏地/架位号 状态 备注
1 0266271   202407644   古籍典藏专区/ [索取号:H113.3/22:1] 在馆    
唐山师范学院图书馆 欢迎您!
大连网信软件有限公司© 版权所有